| 000 | 00753nam a22002417a 4500 | ||
|---|---|---|---|
| 999 |
_c6341 _d6341 |
||
| 001 | 2722 | ||
| 003 | BD-DhUAP | ||
| 005 | 20201230095749.0 | ||
| 008 | 201230s1994 nyuar 1 0eng c | ||
| 020 | _a0071134549 | ||
| 040 |
_aNN _beng _cNN _dBD-DhUAP |
||
| 082 |
_223 _a363.728 LAG |
||
| 100 | _aLaGrega, Michael D. | ||
| 245 |
_aHazardous waste management / _cMichael D. LaGrega, Phillip L. Buckingham and Jeffrey C. Evans. |
||
| 250 | _aInternational edition. | ||
| 260 |
_aNew York : _bMcGraw-Hill, _cc1994. |
||
| 300 |
_axxxii, 1146 pages : _billustrations ; _c23 cm. |
||
| 490 | _aCivil engineering series. | ||
| 650 | 0 |
_aHazardous wastes _xManagement. |
|
| 700 | _aBuckingham, Phillip L. | ||
| 700 | _aEvans, Jeffrey C. | ||
| 942 |
_2ddc _cBK |
||